000 00718nam a2200289Ia 4500
005 20260401125916.0
008 008 300114s9999 xx 000 0 eng d
020 _a9781282649873
037 _aEBOOK
040 _aCRL
040 _beng
040 _cCRL
041 _2eng
041 _aeng
084 _qCRL
100 _aKruchten
_91234002
245 0 _aRational Unified Process, The: An Introduction
250 _a3
260 _bPearson
260 _c2004
365 _b87249.77234588422
650 _aFOT (Computer Sciene)
_91233944
856 _uhttps://admin.elibrary.in.pearson.com/api/1.0/org/24122025/launchlibrary
942 _cEBOOK
999 _c1847920
_d1847920